[Event "Buenos Aires"]
[Site "Buenos Aires"]
[Date "1980.??.??"]
[Round "?"]
[White "Olafsson, Fridrik"]
[Black "Karpov, Anatoly"]
[Result "1-0"]
[WhiteElo "2545"]
[BlackElo "2725"]

1.d4 Nf6 2.c4 e6 3.g3 c5 4.Nf3 cxd4 5.Nxd4 Qc7 6.Qd3 a6 7.Bg2 Nc6 8.Nxc6 dxc6
9.O-O Be7 10.Qb3 e5 11.Be3 Nd7 12.Nc3 Nc5 13.Qc2 Bg4 14.b4 Nd7 15.b5 O-O
16.bxc6 bxc6 17.Rab1 Be6 18.Qa4 Rfc8 19.Rfc1 Nc5 20.Qc2 g6 21.Ne4 Bf5 22.Bxc5 Bxc5
23.Rb3 Be7 24.Rcb1 Rab8 25.h4 a5 26.Kh2 Rb4 27.a3 Rxb3 28.Qxb3 Rd8 29.e3 Qd7
30.Qc3 Qc7 31.Rb2 Rd1 32.c5 Be6 33.Rb6 Bd5 34.Qxa5 Qd7 35.Qa8+ Kg7 36.Rb7 Qe6
37.Qe8 Bxe4 38.Bxe4 Qf6 39.Qxe7 Qxf2+ 40.Bg2  1-0

[Event "Buenos Aires"]
[Site "Buenos Aires"]
[Date "1980.??.??"]
[Round "?"]
[White "Ljubojevic, Ljubomir"]
[Black "Quinteros, Miguel A"]
[Result "1/2-1/2"]
[WhiteElo "2590"]
[BlackElo "2515"]

1.e4 c5 2.Nf3 d6 3.d4 cxd4 4.Nxd4 Nf6 5.Nc3 a6 6.Be2 e5 7.Nb3 Be7 8.O-O O-O
9.a4 Nc6 10.f4 Nb4 11.Nd2 exf4 12.Rxf4 Be6 13.Kh1 d5 14.exd5 Nfxd5 15.Nxd5 Nxd5
16.Rf3 Bg4 17.Rb3 Bxe2 18.Qxe2  1/2-1/2

[Event "Buenos Aires"]
[Site "Buenos Aires"]
[Date "1980.??.??"]
[Round "?"]
[White "Ljubojevic, Ljubomir"]
[Black "Najdorf, Miguel"]
[Result "1/2-1/2"]
[WhiteElo "2590"]
[BlackElo "2510"]

1.e4 c5 2.Nf3 d6 3.d4 cxd4 4.Nxd4 Nf6 5.Nc3 e6 6.g4 h6 7.h4 Be7 8.Qf3 h5
9.gxh5 Nxh5 10.Bg5 Nc6 11.O-O-O Bxg5+ 12.hxg5 Qxg5+ 13.Kb1 Nxd4 14.Rxd4 Bd7
15.Rxd6 Bc6 16.Be2 g6 17.Qd3 Qe5 18.Bxh5 Rxh5  1/2-1/2

[Event "Buenos Aires"]
[Site "Buenos Aires"]
[Date "1980.??.??"]
[Round "?"]
[White "Panno, Oscar"]
[Black "Kavalek, Lubomir"]
[Result "1-0"]
[WhiteElo "2540"]
[BlackElo "2600"]

1.c4 g6 2.e4 e5 3.Ne2 Bg7 4.d4 exd4 5.Nxd4 Nf6 6.Bd3 O-O 7.O-O Re8 8.Nc3 c6
9.Nc2 Na6 10.Ne3 Nc5 11.f3 a6 12.Kh1 b5 13.Be2 d5 14.cxd5 b4 15.Na4 Nxa4
16.Qxa4 cxd5 17.Bb5 axb5 18.Qxa8 dxe4 19.fxe4 Nxe4 20.Qc6 Bd4 21.Qxb5 Re5
22.Qe2 Qh4 23.Qf3 Be6 24.Qf4 Qd8 25.a4 g5 26.Qf3 f5 27.Nc2 Nf2+ 28.Rxf2 Bd5
29.Qg3 Bxf2 30.Qxe5 Qa8 31.Ne3 Be4 32.b3 Bxe3 33.Bxe3 Bxg2+ 34.Kg1 Bh3 35.Qe6+ Kg7
36.Bd4+ Kf8 37.Qf6+ Ke8 38.Qh8+ Kd7 39.Qxa8 Ke6 40.Re1+ Kd6 41.Qd8+ Kc6 42.Re6+  1-0

[Event "Buenos Aires"]
[Site "Buenos Aires"]
[Date "1980.??.??"]
[Round "?"]
[White "Quinteros, Miguel A"]
[Black "Balashov, Yuri S"]
[Result "1/2-1/2"]
[WhiteElo "2515"]
[BlackElo "2600"]

1.Nf3 Nf6 2.c4 e6 3.g3 d5 4.Bg2 Be7 5.O-O O-O 6.b3 c5 7.e3 Nc6 8.Bb2 Bd7
9.Qe2 Qa5 10.Rd1 Rfd8 11.Nc3 Rac8 12.d3 a6 13.Nh4 d4 14.Nb1 b5 15.Nd2 Qc7
16.e4 Ne8 17.Rf1 bxc4 18.Nxc4 Nd6 19.Nxd6 Qxd6 20.Nf3 Ne5 21.Nd2 Bb5 22.Nc4 Nxc4
23.bxc4 Bd7 24.Rfb1 Rb8 25.Bc1 Ba4 26.Rb2 Rxb2 27.Qxb2 Rb8 28.Qa3 Bd7 29.Bd2 Qb6
30.Kf1 Bd8 31.Bf3 a5 32.Bd1 a4 33.Ke1 f5 34.f3 Qb2 35.Qxb2 Rxb2 36.a3 e5
37.exf5 h5 38.h4 Bc7 39.Be2 Bxf5 40.Kd1 Bc8 41.Kc1 Rb3 42.Rb1 Rxa3 43.Rb5 Ra1+
44.Kb2 Rg1 45.Rxc5 Rg2 46.Rxc7 Bf5 47.Ka3 Rxe2 48.Bg5 Bxd3 49.Kxa4 Rc2 50.Rc5 Rxc4+
51.Rxc4 Bxc4 52.Kb4 Be2 53.Kc5 Bxf3 54.Kd6 e4 55.Ke5 d3 56.Bd2 Kf7 57.Bg5 Ke8
58.Kd6 g6 59.Bd2 Kd8 60.Bg5+ Kc8 61.Bf4 Kb7 62.Kc5 Bg2 63.Bd2 Kc7 64.Bf4+ Kd7
65.Bd2 Ke6 66.Kd4 Kf5 67.Ke3 Ke5 68.Bc1  1/2-1/2

[Event "Buenos Aires"]
[Site "Buenos Aires"]
[Date "1980.??.??"]
[Round "?"]
[White "Quinteros, Miguel A"]
[Black "Najdorf, Miguel"]
[Result "1/2-1/2"]
[WhiteElo "2515"]
[BlackElo "2510"]

1.c4 Nf6 2.Nc3 c5 3.g3 e6 4.Nf3 Be7 5.Bg2 O-O 6.O-O d5 7.cxd5 Nxd5 8.d4 Nc6
9.Nxd5 exd5 10.dxc5 Bxc5 11.Qc2 Bb6 12.Ng5 g6 13.Qd2 Nd4 14.Nf3 Nxf3+ 15.Bxf3 Be6
16.b3 Qe7 17.Bb2 Rad8 18.Bd4 Bxd4 19.Qxd4 b6 20.e3 Rd7 21.Rfd1 Rfd8 22.Rd2 f6
23.Rad1 Kg7 24.Bg2 Qf8 25.h3 Qe7 26.Kh2 Kg8 27.Qa4 f5 28.Qd4 Kf7 29.Qa4 Qc5
30.Rd4 Kg8 31.R1d2 Kg7 32.b4 Qe7 33.Qb5 Qf7 34.a4 Rd6 35.Qd3 R6d7 36.Qb5 Rd6
37.Qd3 R6d7 38.a5 bxa5 39.bxa5 Qe7 40.Rb2 Kg8 41.Rb5 Qf7 42.Rc5 Rd6 43.Qc3 R6d7
44.Rc6 Qe7 45.Qb3 Bf7 46.Qd3 Qe5 47.Qc3 Qe7 48.Bf3 Rd6 49.Rc7 R6d7 50.Rc5 Qe5
51.Kg2 Be6 52.Qc1 Bf7 53.Rb4 Qf6 54.Rc6 Qe7 55.Qc3 Be8 56.Rc5 Qg7 57.Rd4 Bf7
58.Rc6 Qe5 59.h4 Kf8 60.Be2 Rd6 61.Rc5 R6d7 62.a6 Re7 63.Bb5 Qf6 64.Rc6 Qe5
65.Qa5 Rd6 66.Qb4 Rd8 67.Rc5 Rb8 68.Qc3 Rb6 69.Be2 Kg7 70.Rc8 Be6 71.Rc5 Bf7
72.Qa1 Qf6 73.Qc3 Qe5 74.h5 g5 75.Rc6 Rxc6 76.Qxc6 h6 77.Bf3 Rc7 78.Qb5 Rc2
79.Qb3 Rc4 80.Rd1 f4 81.exf4 gxf4 82.Qb7 Rc7 83.Qb4 fxg3 84.Qg4+ Kf8 85.Qb4+ Kg7
86.Re1 Qf6 87.Qg4+ Kf8 88.Qxg3 Rc3 89.Rb1 Bxh5 90.Qb8+ Be8 91.Qb4+ Kg7 92.Qg4+ Qg6
93.Rb7+ Kf6 94.Qxg6+ Bxg6 95.Bxd5 Rc5 96.Bf3 Rg5+ 97.Kh2 Bh5 98.Bg2 Rg7 99.Rb8 Be2
100.Bb7 Kg5 101.Ra8 h5 102.Re8 Bf1 103.f4+ Kh4 104.Re5 Bh3 105.Re3  1/2-1/2

[Event "Buenos Aires"]
[Site "Buenos Aires"]
[Date "1980.??.??"]
[Round "?"]
[White "Olafsson, Fridrik"]
[Black "Quinteros, Miguel A"]
[Result "1/2-1/2"]
[WhiteElo "2545"]
[BlackElo "2515"]

1.e4 c5 2.Nf3 d6 3.d4 cxd4 4.Nxd4 Nf6 5.Nc3 a6 6.Be2 e5 7.Nb3 Be7 8.O-O O-O
9.Bg5 Be6 10.f4 exf4 11.Bxf4 Nc6 12.Kh1 Rc8 13.Qe1 Nd7 14.Rd1 Nde5 15.Qg3 Bh4
16.Qe3 Bf6 17.a3 Re8 18.Qf2 Qc7 19.Qg3 Kh8 20.Rd2 Rcd8 21.Bg5 Bxg5 22.Qxg5 Qb6
23.Na4 Qa7 24.Nc3 b5 25.Rfd1 Qb8 26.Nd4 Nxd4 27.Rxd4 Bc4 28.b3 Be6 29.Nd5 Bxd5
30.Rxd5 Rc8 31.Rxd6 Rxc2 32.Bf1 f6 33.Qh5 Rc6 34.R6d5 Rce6 35.a4 bxa4 36.bxa4 h6
37.h3 Rc8 38.Qf5 Rec6 39.a5 Qc7 40.Be2 Ra8 41.Qf4 Rc5 42.Qd2 Rc2 43.Qe1 Rc6
44.Qf1 Qe7 45.Rc1 Qc7 46.Rxc6 Qxc6 47.Qd1 Kh7 48.Qf1 Ra7 49.Qf5+ g6 50.Qf2 Rc7  1/2-1/2

[Event "Buenos Aires"]
[Site "Buenos Aires"]
[Date "1980.??.??"]
[Round "?"]
[White "Larsen, Bent"]
[Black "Quinteros, Miguel A"]
[Result "1/2-1/2"]
[WhiteElo "2585"]
[BlackElo "2515"]

1.d4 Nf6 2.Nf3 c5 3.e3 g6 4.Be2 b6 5.O-O Bg7 6.a4 O-O 7.a5 Ba6 8.Bxa6 Nxa6
9.Nc3 d5 10.Ne5 Nb4 11.Na4 Qc7 12.c3 Nc6 13.Nxc6 Qxc6 14.b4 cxb4 15.cxb4 Ne4
16.Qd3 Nd6 17.Nc3 b5 18.Bd2 Rad8 19.Rac1 Nc4 20.Ne2 f6 21.f4 f5 22.Rc2 h6
23.Nc1 Qc8 24.Nb3 g5 25.h3 Rd6 26.Nc5 Rg6 27.Be1 g4 28.hxg4 Rxg4 29.Rf3 Rf6
30.Rh3 Rfg6 31.Bh4 e6 32.Qe2 Kf7 33.Rh2 Qg8 34.Nd3 Bh8 35.Qf2 Ke8 36.Qe1 Kd7
37.Qc3 Kc8 38.Ne5 Bxe5 39.dxe5 Qg7 40.Qd4 Qc7 41.Rh3 a6 42.Kh1 Kb8 43.Be1 Qa7
44.Qxa7+ Kxa7 45.Bc3 Kb7 46.Kh2 Kc6 47.Bd4 Kd7 48.g3 h5 49.Rg2 Rh6 50.Kg1 Rg8
51.Kf1 Ke7 52.Rgh2 Rgh8 53.Bc5+ Kf7 54.Ke2 R6h7  1/2-1/2

[Event "Buenos Aires"]
[Site "Buenos Aires"]
[Date "1980.??.??"]
[Round "?"]
[White "Balashov, Yuri S"]
[Black "Hort, Vlastimil"]
[Result "1/2-1/2"]
[WhiteElo "2600"]
[BlackElo "2595"]

1.e4 c6 2.c4 d5 3.exd5 cxd5 4.cxd5 Nf6 5.Nc3 Nxd5 6.d4 Nc6 7.Nf3 Bg4 8.Qb3 Bxf3
9.gxf3 e6 10.Qxb7 Nxd4 11.Bb5+ Nxb5 12.Qc6+ Ke7 13.Qxb5 Nxc3 14.bxc3 Qd5
15.Rb1 Rd8 16.Be3 Kf6 17.Rg1 h6 18.f4 Qe4 19.Qe5+ Qxe5 20.fxe5+ Kxe5 21.Rb7 Kf6
22.Rg3 Bd6 23.Rf3+ Kg6 24.Rfxf7 Be5 25.c4 a5 26.Ke2 Rhf8 27.Rxf8 Rxf8 28.h3 Rc8
29.Kd3 Bc7 30.Rb5 Kf6 31.a4 g5 32.Ke4 Ke7 33.Rb7 Kd6 34.Rb5 Kc6 35.f3 Rf8
36.Bd2 Rf6 37.Bc1 Rf8 38.Be3 Rf6 39.h4 gxh4 40.Rh5 Bg3 41.f4  1/2-1/2

[Event "Buenos Aires"]
[Site "Buenos Aires"]
[Date "1980.??.??"]
[Round "?"]
[White "Balashov, Yuri S"]
[Black "Karpov, Anatoly"]
[Result "1/2-1/2"]
[WhiteElo "2600"]
[BlackElo "2725"]

1.d4 Nf6 2.c4 e6 3.Nc3 Bb4 4.e3 c5 5.Ne2 cxd4 6.exd4 d5 7.a3 Be7 8.Nf4 dxc4
9.Bxc4 O-O 10.O-O Nc6 11.Be3 Bd6 12.Nh5 Be7 13.Nf4 Bd6 14.Nh5  1/2-1/2

[Event "Buenos Aires"]
[Site "Buenos Aires"]
[Date "1980.??.??"]
[Round "?"]
[White "Balashov, Yuri S"]
[Black "Najdorf, Miguel"]
[Result "1-0"]
[WhiteElo "2600"]
[BlackElo "2510"]

1.e4 c5 2.Nf3 d6 3.d4 cxd4 4.Nxd4 Nf6 5.Nc3 e6 6.f4 a6 7.Qf3 Qc7 8.g4 b5
9.g5 Nfd7 10.a3 Bb7 11.Bd3 Nc5 12.f5 e5 13.Nde2 Nbd7 14.Be3 Be7 15.Ng3 g6
16.O-O-O Nxd3+ 17.Rxd3 Nc5 18.Rdd1 Rc8 19.Qe2 Bd8 20.Kb1 O-O 21.h4 gxf5 22.Bxc5 dxc5
23.Nxf5 Be7 24.Qg4 Rcd8 25.h5 Rxd1+ 26.Rxd1 Rd8 27.Rf1  1-0

[Event "Buenos Aires"]
[Site "Buenos Aires"]
[Date "1980.??.??"]
[Round "?"]
[White "Larsen, Bent"]
[Black "Panno, Oscar"]
[Result "1-0"]
[WhiteElo "2585"]
[BlackElo "2540"]

1.c4 Nf6 2.g3 c6 3.b3 g6 4.Bb2 Bg7 5.Bg2 d5 6.Nf3 O-O 7.O-O Bg4 8.d3 Bxf3
9.Bxf3 Re8 10.Nd2 a5 11.a3 Na6 12.Bg2 Qd6 13.Qc2 Rec8 14.Rac1 Qd8 15.Rfd1 Nc5
16.d4 Ncd7 17.Qd3 e6 18.Rc2 Qe7 19.e3 Rd8 20.Qe2 Ne8 21.h4 f5 22.Nf3 Nd6
23.Ne1 a4 24.c5 Nb5 25.b4 h6 26.Bf1 e5 27.h5 e4 28.hxg6 Qg5 29.Ng2 Nf8 30.Nf4 Nc7
31.Qh5 Qxh5 32.Nxh5 Nxg6 33.Rb1 Ne7 34.b5 cxb5 35.Bc3 Nc6 36.Bxb5 Nxb5 37.Rxb5 Ra7
38.Rcb2 Rd7 39.f3 exf3 40.Rf2 Ra8 41.Rxf3 Rf8 42.Nf4 Bf6 43.Nd3 Bd8 44.Rb1 Rf6
45.Kg2 Re6 46.Kf2 Bg5 47.Re1 Rf7 48.Nb2 Ne7 49.Rb1 Ra6 50.Ke2 Rff6 51.Nd3 Ra7
52.Ne5 Re6 53.Kd3 Kg7 54.Bd2 Rea6 55.Rff1 Bf6 56.Nd7 Re6 57.Rb5 Rc6 58.Rb4 Kg6
59.Rfb1 Rc7 60.Nb6 Bg5 61.Rh1 Rc6 62.Bc1 Re6 63.Rxa4 Rxa4 64.Nxa4 Ng8 65.Nb6 Nf6
66.Rf1 Re8 67.a4 Rd8 68.a5 Ne8 69.Bd2 Be7 70.Na4 Rd7 71.Rb1 Nf6 72.a6 bxa6
73.Ba5 Ra7 74.Rb8  1-0

[Event "Buenos Aires"]
[Site "Buenos Aires"]
[Date "1980.??.??"]
[Round "?"]
[White "Browne, Walter S"]
[Black "Quinteros, Miguel A"]
[Result "1-0"]
[WhiteElo "2540"]
[BlackElo "2515"]

1.d4 Nf6 2.Nf3 c5 3.d5 e6 4.c4 b5 5.dxe6 fxe6 6.cxb5 d5 7.e3 Bd6 8.Nc3 Bb7
9.e4 dxe4 10.Ng5 Bd5 11.Qc2 Nbd7 12.Ngxe4 Be5 13.Nxd5 exd5 14.Nxf6+ Qxf6
15.Be2 O-O 16.O-O Bd4 17.Be3 Bxb2 18.Rad1 Nb6 19.Qxc5 Rac8 20.Qb4 Bc3 21.Qg4 Qe5
22.Bf3 Rc4 23.Qh3 d4 24.Bc1 Ra4 25.a3 Qxb5 26.Be4 g6 27.Qe6+ Rf7 28.Bc6 Qc4
29.Qd6 Ra6 30.Rde1 Bxe1 31.Rxe1 Nc8 32.Re8+ Kg7 33.Qe5+ Rf6 34.Qg5 Rf5 35.Qh6+ Kf6
36.Qf8+ Qf7 37.Qh8+ Qg7 38.Rf8+ Ke6 39.Qxg7 Rxc6 40.Bh6 g5 41.Qg8+ Kd7 42.Rd8+ Ke7
43.Qe8+  1-0

[Event "Buenos Aires"]
[Site "Buenos Aires"]
[Date "1980.??.??"]
[Round "?"]
[White "Giardelli, Sergio C"]
[Black "Balashov, Yuri S"]
[Result "1/2-1/2"]
[WhiteElo "2300"]
[BlackElo "2600"]

1.c4 g6 2.Nc3 Bg7 3.g3 e5 4.Bg2 Nc6 5.d3 d6 6.Rb1 Be6 7.b4 Qd7 8.b5 Nd8 9.Bd2 Ne7
10.Nd5 O-O 11.e3 a6 12.a4 axb5 13.axb5 Bf5 14.Bc3 Nxd5 15.cxd5 Ra3 16.Ne2 Bg4
17.Qc1 Ra2 18.Rb2 Rxb2 19.Qxb2 b6 20.f3 Bh3 21.O-O Bxg2 22.Kxg2 Re8 23.e4 f5
24.Qb3 Nb7 25.Ra1 Nc5 26.Qc4 g5 27.Bb4 g4 28.Ng1 Rf8 29.Bxc5 bxc5 30.Rf1 f4
31.fxg4 Qxg4 32.Qa2 h5 33.Qe2 Qg6 34.Nf3 Qg4 35.Ng1 Qg6 36.Nf3 Qg4  1/2-1/2

[Event "Buenos Aires"]
[Site "Buenos Aires"]
[Date "1980.??.??"]
[Round "?"]
[White "Giardelli, Sergio C"]
[Black "Karpov, Anatoly"]
[Result "0-1"]
[WhiteElo "2300"]
[BlackElo "2725"]

1.c4 e5 2.Nc3 Nc6 3.g3 g6 4.Bg2 Bg7 5.d3 Nge7 6.e3 O-O 7.Nge2 d6 8.O-O Bd7
9.h3 Rb8 10.b3 Be6 11.Ba3 Re8 12.d4 exd4 13.exd4 Bc8 14.d5 Ne5 15.Nd4 Nf5
16.Nce2 Nxd4 17.Nxd4 Nd7 18.Qd2 Nc5 19.Rfe1 Bd7 20.Rad1 a6 21.b4 Rxe1+ 22.Qxe1 Na4
23.c5 Bb5 24.Qe3 Qf6 25.Nxb5 axb5 26.Bf1 Ra8 27.Re1 h5 28.Bxb5 Nc3 29.Bb2 Rxa2
30.Bxc3 Qxc3 31.cxd6 cxd6 32.Be8 Qxe3 33.Rxe3 Kf8 34.Bb5 Bd4 35.Re8+ Kg7
36.Be2 Rb2 37.b5 Bc5 38.Kf1 Rd2 39.f4 b6  0-1

[Event "Buenos Aires"]
[Site "Buenos Aires"]
[Date "1980.??.??"]
[Round "?"]
[White "Giardelli, Sergio C"]
[Black "Ljubojevic, Ljubomir"]
[Result "1/2-1/2"]
[WhiteElo "2300"]
[BlackElo "2590"]

1.c4 e5 2.Nc3 Nc6 3.g3 d6 4.Bg2 Be6 5.d3 Qd7 6.Rb1 Nge7 7.b4 Nd8 8.Qb3 c6
9.b5 Rc8 10.bxc6 bxc6 11.Nf3 f6 12.d4 Bf5 13.Rb2 Ng6 14.dxe5 dxe5 15.O-O Be7
16.Rd1 Qc7 17.Qa4 O-O 18.Be3 Ra8 19.Ne1 Bd7 20.Nd3 f5 21.Nc5 Be8 22.Na6 Qc8
23.Qa5 Ne6 24.Nc5 Rf7 25.Nxe6 Qxe6 26.Nb5 Qxc4 27.Rc1 Qg4 28.Bf3 Qh3  1/2-1/2

[Event "Buenos Aires"]
[Site "Buenos Aires"]
[Date "1980.??.??"]
[Round "?"]
[White "Hort, Vlastimil"]
[Black "Larsen, Bent"]
[Result "0-1"]
[WhiteElo "2595"]
[BlackElo "2585"]

1.e4 c6 2.d4 d5 3.Nc3 dxe4 4.Nxe4 Bf5 5.Ng3 Bg6 6.h4 h6 7.Nf3 Nd7 8.Bd3 Bxd3
9.Qxd3 e6 10.Bd2 Ngf6 11.O-O-O Be7 12.Kb1 c5 13.Rhe1 O-O 14.Ne4 Rc8 15.dxc5 Nxc5
16.Nxf6+ Bxf6 17.Qxd8 Rfxd8 18.Be3 Rxd1+ 19.Rxd1 a6 20.c3 Kf8 21.g4 Be7 22.Ne5 Ke8
23.h5 Ne4 24.f3 Nd6 25.Kc2 b5 26.b3 Bf6 27.Rxd6 Bxe5 28.Rd3 Ke7 29.a4 bxa4
30.bxa4 Bd6 31.Bb6 e5 32.Ba5 Ke6 33.Kb3 g6 34.Bb4 Bc7 35.c4 Rb8 36.Ka3 gxh5
37.gxh5 Rg8 38.Bd2 f5 39.Kb4 Rg3 40.Rb3 f4 41.Be1 Rh3 42.Bf2 Kd6 43.c5+ Kc6
44.Kc4 Rxh5 45.Kd3 Rh2 46.Ke2 Rh1 47.Be1 h5 48.Kf2  0-1

[Event "Buenos Aires"]
[Site "Buenos Aires"]
[Date "1980.??.??"]
[Round "?"]
[White "Hort, Vlastimil"]
[Black "Najdorf, Miguel"]
[Result "1/2-1/2"]
[WhiteElo "2595"]
[BlackElo "2510"]

1.d4 Nf6 2.c4 e6 3.Nf3 b6 4.g3 Bb7 5.Bg2 Be7 6.O-O O-O 7.Nc3 Ne4 8.Bd2 Bf6
9.Rc1 d6 10.d5 Nxd2 11.Nxd2 e5 12.e4 Nd7 13.Bh3 a5 14.a3 Bg5 15.b4 g6 16.Qc2 Bh6
17.Rcd1 Ba6 18.Qd3 Bc8 19.Kg2 Kh8  1/2-1/2

[Event "Buenos Aires"]
[Site "Buenos Aires"]
[Date "1980.??.??"]
[Round "?"]
[White "Hort, Vlastimil"]
[Black "Olafsson, Fridrik"]
[Result "1/2-1/2"]
[WhiteElo "2595"]
[BlackElo "2545"]

1.d4 Nf6 2.c4 e6 3.Nf3 b6 4.g3 Bb7 5.Bg2 Be7 6.O-O O-O 7.d5 exd5 8.Nh4 c6
9.cxd5 Nxd5 10.Nf5 Nc7 11.Nc3 d5 12.e4 Bf6 13.Bf4 Nd7 14.exd5 cxd5 15.Re1 Nc5
16.Bd6 Re8 17.Qg4 g6 18.Bxc7 Qxc7 19.Nxd5 Bxd5 20.Bxd5 Rxe1+ 21.Rxe1 Rd8
22.Rd1  1/2-1/2

[Event "Buenos Aires"]
[Site "Buenos Aires"]
[Date "1980.??.??"]
[Round "?"]
[White "Hort, Vlastimil"]
[Black "Panno, Oscar"]
[Result "1/2-1/2"]
[WhiteElo "2595"]
[BlackElo "2540"]

1.d4 Nf6 2.c4 e6 3.Nc3 Bb4 4.e3 c5 5.Nf3 O-O 6.Bd3 d5 7.O-O cxd4 8.exd4 dxc4
9.Bxc4 Nc6 10.Bg5 Be7 11.a3 b6 12.Qd3 Bb7 13.Rad1 Qd6 14.Rfe1 Rad8 15.Ba2 Rfe8
16.h3 Qb8 17.d5 Nxd5 18.Nxd5 exd5 19.Bxd5 h6 20.Bxf7+ Kxf7 21.Qc4+ Kf8 22.Nh4 Ne5
23.Bxe7+ Kxe7 24.Qb4+ Kf7 25.Qf4+ Kg8 26.Rxd8 Qxd8 27.Rxe5 Rxe5 28.Qxe5 Qxh4
29.Qb8+ Kh7 30.Qxb7 Qd4 31.Qxa7 Qxb2 32.Qa4 Qa1+ 33.Kh2 Qe5+ 34.g3 h5 35.Qf4 Qd5
36.h4 Qc5 37.Qe3 Qc6 38.Qd4 g6 39.Qe5 Kg8 40.Qe7 b5 41.Kg1 Qd5 42.Qg5 Qd3
43.g4 hxg4 44.Qxg4 Kf8 45.Qf4+ Kg7 46.Qe5+ Kf7 47.Qe3 Qc4 48.Qg3 Qd5 49.Kh2 Qc5
50.Qe3 Qd6+ 51.Kg2 Kg7 52.Qa7+ Kh6 53.Qa8 Kg7 54.Qf3 Qc5 55.Qd3 b4 56.Qd7+ Kf6
57.Qd8+ Kf7 58.axb4 Qxb4 59.Kg3 Qc3+ 60.Kg2 Qc6+ 61.f3 Qc5 62.Qd7+ Kf6 63.Qd2 Qe5
64.Qb4 Qe2+ 65.Kg3 Qe5+ 66.Qf4+ Qxf4+ 67.Kxf4 Kf7 68.Ke5 Ke7 69.Kd5 Kd7  1/2-1/2

[Event "Buenos Aires"]
[Site "Buenos Aires"]
[Date "1980.??.??"]
[Round "?"]
[White "Karpov, Anatoly"]
[Black "Panno, Oscar"]
[Result "1-0"]
[WhiteElo "2725"]
[BlackElo "2540"]

1.e4 e5 2.Nf3 Nf6 3.Nxe5 d6 4.Nf3 Nxe4 5.d4 Be7 6.Bd3 d5 7.O-O Bf5 8.c4 dxc4
9.Bxc4 Nd7 10.Re1 O-O 11.Bd5 Nd6 12.Nc3 Re8 13.Ne5 Nb6 14.Bb3 Bf6 15.Bf4 Be6
16.d5 Bf5 17.Qf3 Bg6 18.Re2 Nd7 19.Nxg6 Rxe2 20.Qxe2 hxg6 21.Bc2 Nb6 22.Rd1 Qd7
23.h3 Re8 24.Qd3 a6 25.Bc1 Qf5 26.Qxf5 gxf5 27.Kf1 g6 28.Ne2 Rd8 29.g4 fxg4
30.hxg4 Ndc4 31.b3 Ne5 32.g5 Bg7 33.Be4 Nc8 34.f4 Nd7 35.Bf3 Nd6 36.Be3 Nf5
37.Bf2 Bf8 38.Be4 Nd6 39.Bf3 Bg7 40.Rc1 Ne8 41.Ng3 f5 42.Ne2 Kf7 43.Nd4 Bxd4
44.Bxd4 Nb6 45.d6 Rxd6 46.Be5 c6 47.Bxd6 Nxd6 48.Kf2 Nd7 49.Ke3 a5 50.Be2 Ke7
51.Bc4 Ne4 52.Rh1 Nf8 53.a4 Nd6 54.Kd4 b6 55.Rh8 Ne8 56.Rg8 Nc7 57.Rg7+ Kd6
58.Ke3  1-0

[Event "Buenos Aires"]
[Site "Buenos Aires"]
[Date "1980.??.??"]
[Round "?"]
[White "Karpov, Anatoly"]
[Black "Quinteros, Miguel A"]
[Result "0-1"]
[WhiteElo "2725"]
[BlackElo "2515"]

1.e4 c5 2.Nc3 d6 3.g3 g6 4.Bg2 Bg7 5.d3 Nc6 6.f4 e6 7.Nf3 Nge7 8.O-O O-O
9.Be3 Nd4 10.Rb1 Nec6 11.Ne2 Nxf3+ 12.Bxf3 b6 13.c3 Bb7 14.Qd2 d5 15.e5 a5
16.d4 Qe7 17.Bf2 Ba6 18.Rfe1 h5 19.h3 Rac8 20.Kg2 f5 21.Qe3 Rf7 22.a3 a4
23.g4 cxd4 24.cxd4 hxg4 25.hxg4 Na5 26.gxf5 Rxf5 27.Bg4 Rff8 28.Rh1 Kf7 29.Rh7 Rh8
30.Rbh1 Nc4 31.Qg3 Nxb2 32.f5 Rxh7 33.fxg6+ Kg8 34.gxh7+ Kh8 35.Nf4  0-1

[Event "Buenos Aires"]
[Site "Buenos Aires"]
[Date "1980.??.??"]
[Round "?"]
[White "Kavalek, Lubomir"]
[Black "Hort, Vlastimil"]
[Result "0-1"]
[WhiteElo "2600"]
[BlackElo "2595"]

1.e4 c6 2.d4 d5 3.Nd2 dxe4 4.Nxe4 Bf5 5.Ng3 Bg6 6.h4 h6 7.Nf3 Nd7 8.h5 Bh7
9.Bd3 Bxd3 10.Qxd3 e6 11.Bd2 Ngf6 12.O-O-O Be7 13.Ne4 O-O 14.Nxf6+ Nxf6 15.Kb1 c5
16.Qe2 cxd4 17.Be3 Bc5 18.Bxd4 Bxd4 19.Rxd4 Qb6 20.g4 Rfd8 21.c3 Rd5 22.Rxd5 Nxd5
23.Ka1 Rd8 24.Nd4 Qc7 25.Rd1 Nxc3 26.bxc3 Qxc3+ 27.Kb1 Rxd4 28.Rxd4 Qxd4
29.a3 Kf8 30.Qf3 Qd7 31.Qf4 a6 32.f3 Ke7 33.Qb4+ Ke8 34.Qc3 f6 35.Qe3 Qd5
36.Qc3 Kd7 37.Qe3 Kc6 38.Qc3+ Qc5 39.Qe1 Qd4  0-1

[Event "Buenos Aires"]
[Site "Buenos Aires"]
[Date "1980.??.??"]
[Round "?"]
[White "Larsen, Bent"]
[Black "Karpov, Anatoly"]
[Result "1/2-1/2"]
[WhiteElo "2585"]
[BlackElo "2725"]

1.c4 c5 2.g3 g6 3.Bg2 Bg7 4.Nf3 Nc6 5.O-O e6 6.Nc3 Nge7 7.d3 O-O 8.a3 d5
9.Bg5 h6 10.cxd5 exd5 11.Bxe7 Nxe7 12.d4 cxd4 13.Nxd4 Nc6 14.Nxc6 bxc6 15.Rc1 Ba6
16.Re1 Rb8 17.b4 Bc4 18.e4 a5 19.exd5 axb4 20.axb4 cxd5 21.Nxd5 Bxd5 22.Qxd5 Rxb4
23.Qxd8 Rxd8 24.Re2  1/2-1/2